000 00615nam a2200205 a 4500
001 18252
003 CO-ViMGA
008 141112s2004 ck r 000 u spa d
020 _a9587000870
040 _aCO-ViMGA
_bspa
_cCO-ViMGA
082 0 4 _aMEVIGAPOR.692 D124o
100 1 _aDackar, Henry
_925997
245 1 0 _aOutlook
260 _aBogotá,
_cProducciones Henry Dackar,
_cLtda. 2001
300 _a93 p.
490 _aCursos Autoasistidos de Computacion, Serie Gestion Basica Office 2000
590 _aForma de adquisición : Donacion Min - cultura
650 1 4 _aOUTLOOK - MANUALES
_925998
942 _2ddc
_cBK
999 _c27605
_d27605